Joueurs français ayant joué à l'AS Roma - Statistiques

Statistiques générales
  • Ce quiz a été pris 42 fois
  • Le résultat moyen est 7 sur 20
Statistiques - réponses
Année d'arrivée Année de départ Club précédant Club suivant Nombre de match Joueurs % Correct
2024 En cours Borussia Mönchengladbach En cours 79 Manu Koné
76%
2019 2022 ACF Fiorentina Olympique de Marseille 131 Jordan Veretout
68%
2004 2011 AJ Auxerre AC Milan 267 Philippe Mexès
65%
2026 En cours Olympique de Marseille En cours 9 Robinio Vaz
54%
2008 2011 AS Monaco Paris Saint-Germain 114 Jérémy Ménez
49%
2007 2008 FC Barcelone Paris Saint-Germain 48 Ludovic Giuly
49%
2017 2018 Olympique Lyonnais Séville FC 23 Maxime Gonalons
49%
2024 2025 Stade Rennais AFC Sunderland 10 Enzo Le Fée
43%
2015 2016 Paris Saint-Germain Paris Saint-Germain 42 Lucas Digne
43%
2018 2021 Séville FC Al-Rayyan SC 39 Steven Nzonzi
43%
1997 2005 EA Guingamp Udinese Calcio 289 Vincent Candela
43%
2017 2017 Olympique Lyonnais Olympique Lyonnais 6 Clément Grenier
30%
2000 2004 Cagliari Calcio Juventus Turin 126 Jonathan Zebina
24%
2014 2015 Newcastle United Olympique Lyonnais 38 Mapou Yanga-Mbiwa
24%
2003 2006 Leeds United Inter Milan 122 Olivier Dacourt
24%
2017 2020 US Sassuolo US Sassuolo 20 Grégoire Defrel
16%
2025 2025 Red Bull Salzbourg Red Bull Salzbourg 6 Lucas Gourna-Douath
16%
2015 2017 Dinamo Moscou Antalyaspor 21 William Vainqueur
11%
2020 2023 Roma Formation 20 Sans club 0 William Bianda
5%
2013 2015 AS Roma U19 AS Fabrègues 0 Wesley Yamnaine
0%
Aucun quiz correspondant
Distribution des résultats
% des personnes avec chaque résultat
Percentile par nombre de réponses
Votre historique - résultats
Vous n’avez pas pris ce quiz